Library Banner

Marital discord (Record no. 38842)

MARC details
000 -LEADER
fixed length control field 00444nam a2200169Ia 4500
001 - CONTROL NUMBER
control field 39535
008 - FIXED-LENGTH DATA ELEMENTS--GENERAL INFORMATION
fixed length control field 140423s9999 xx 000 0 und d
020 ## - INTERNATIONAL STANDARD BOOK NUMBER
International Standard Book Number 9960956237
040 ## - CATALOGING SOURCE
Transcribing agency PK-LaUMT
082 ## - DEWEY DECIMAL CLASSIFICATION NUMBER
Classification number 219
Item number MAJ-M
100 ## - MAIN ENTRY--PERSONAL NAME
Personal name Majdi Muhammad Ash-Shahawi
245 ## - TITLE STATEMENT
Title Marital discord
Remainder of title causes and cures
Statement of responsibility, etc Majdi Muhammad Ash-Shahawi
260 ## - PUBLICATION, DISTRIBUTION, ETC. (IMPRINT)
Place of publication, distribution, etc Riyadh,Saudi Arabia:
Name of publisher, distributor, etc Darussalam,
Date of publication, distribution, etc 2004
300 ## - PHYSICAL DESCRIPTION
Extent 154 p.
546 ## - LANGUAGE NOTE
Language note EN
942 ## - ADDED ENTRY ELEMENTS (KOHA)
Koha item type Books
Holdings
Withdrawn status Lost status Damaged status Not for loan Home library Current library Date acquired Total Checkouts Full call number Barcode Date last seen Date checked out Price effective from Koha item type
        UMT Main Campus UMT Main Campus 2014-04-23 1 219 MAJ-M 41837 2017-04-04 2017-04-03 2014-05-05 Books